| 000 | 01072nam a22002177a 4500 | ||
|---|---|---|---|
| 001 | 2855 | ||
| 003 | OSt | ||
| 005 | 20260430112759.0 | ||
| 008 | 260430b ||||| |||| 00| 0 eng d | ||
| 040 |
_aJMG BPT _cJABATAN MINERAL DAN GEOSAINS |
||
| 082 | _a551.959522 HIL | ||
| 100 | _aHILLARY MUYAN NICHOLAS THOMAS | ||
| 245 |
_aLAPORAN BERSEPADU PROJEK SURVEI GEOKIMIA RANTAU SARAWAK / _cHILLARY MUYAN NICHOLAS THOMAS, DORANI BIN JOHARI |
||
| 250 | _aNO LAPORAN GSKL 137/1/7 | ||
| 264 |
_aMINERAL AND GEOSCIENCE DEPARTMENT PENINSULAR MALAYSIA/SABAH/SARAWAK _bJABATAN MINERAL DAN GEOSAINS MALAYSIA SARAWAK _c2000 |
||
| 300 |
_a1 v.(various pagings) _bcol.maps.photos _c30 cm |
||
| 520 | _aObjektif Projek ini adalah untuk menghasilkan sebuah peta atlas geokimia sarawak dengan mengariskan kawasan yang berpotensi bagi endapan-endapan mineral di samping bertindak sebagai maklumat asas untuk eksplorasi lanjutan , khususnya bagi sumber mineral berlogam. | ||
| 650 |
_aGeochemical _zSarawak |
||
| 700 |
_aHillary Muyan Nicholas Thomas _dDorani bin Johari |
||
| 942 |
_2ddc _cRPT |
||
| 999 |
_c27243 _d27243 |
||